000 00762nac a22002411u 4500
010 _a 92036739
020 _a0070076782
022 _a0070076782
082 0 0 _a624.184
_bBRE
090 _c6711
_d6711
100 _aBreyer, Donald E.
245 1 0 _aDesign of wood structures /
_cDonald E. Breyer.
250 _a3rd ed.
260 _aNew York :
_bMcGraw-Hill,c1993.
_cc1993.
300 _axxvi, 902 p. :
_bill. ;
_c24 cm.
500 _aPreviously published: 1988.
500 _aDistributer: Al-Ahram.
504 _aIncludes bibliographical references (p. 877-882) and index.
511 _aCatalogued By: Mahitab.
650 0 _aBuilding, Wooden.
650 0 _aStructural engineering.
942 _cBB
_k624.184BRE
999 _c6711
_d6711